LEADER 01168nam0 2200325 450 001 000005397 005 20090318125014.0 010 $a88-464-5416-2 100 $a20040421d2004----km-y0itay50------ba 101 0 $aita 102 $aIT 105 $ay-------001yy 200 1 $a<>modelli di responsabilitā sociale nelle imprese italiane$fMario Molteni e Mario Lucchini$gin collaborazione con ISVI 210 $aMilano$cFranco Angeli$d2004 215 $a174 p.$d24 cm 225 2 $aUnioncamere/Centro studi$v22 300 $aIn testa al front. : Unioncamere 410 0$12001$aUnioncamere/Centro studi 500 10$a<>modelli di responsabilitā sociale nelle imprese italiane$938684 610 1 $aEconomia e politica industriale 610 1 $aImprese$aGestione$aAspetti sociali 676 $a658.408$v19 700 1$aMolteni,$bMario$0460360 701 1$aLucchini,$bMario$0296934 712 02$aIstituto per i valori d'impresa 801 0$aIT$bUNIPARTHENOPE$c20090318$gRICA$2UNIMARC 912 $a000005397 951 $a616/42.$b10395$cNAVA2$d20040421 996 $aModelli di responsabilitā sociale nelle imprese italiane$938684 997 $aUNIPARTHENOPE LEADER 00876nam0 2200265 i 450 001 IEI0001351 005 20231121125504.0 010 $a225303410X 100 $a20181217d1984 ||||0itac50 ba 101 | $afre 102 $afr 181 1$6z01$ai $bxxxe 182 1$6z01$an 200 1 $aDescartes$etextes et debats$fpar Genevieve Rodis-Lewis 210 $aParis$cLibrairie Generale Francaise$dcopyr.1984 215 $a669 p.$d17 cm 700 1$aRodis-Lewis$b, Genevičve$3CFIV063900$4070$0385835 801 3$aIT$bIT-01$c20181217 850 $aIT-FR0017 899 $aBiblioteca umanistica Giorgio Aprea$bFR0017 $eN 912 $aIEI0001351 950 0$aBiblioteca umanistica Giorgio Aprea$d 52MAG 1/1883$e 52FLS0000209855 VMB RS $fA $h20181217$i20181217 977 $a 52 996 $aDescartes$952605 997 $aUNICAS